[Event "Satka Autumn 2019"]
[Site "Satka"]
[Date "2019.09.21"]
[Round "3.18"]
[White "Aleshina, Arina"]
[Black "Zyapaeva, Polina"]
[Result "0-1"]
[WhiteElo "1365"]
[BlackElo "1808"]
[PlyCount "62"]
[EventDate "2019.09.19"]

1. e4 c5 2. Nf3 Nc6 3. d4 cxd4 4. Nxd4 a6 5. c4 Qc7 6. Nc3 e6 7. Be3 Nf6 8. Be2
Ne5 9. Bf4 Bb4 10. Qc2 d6 11. Qa4+ Nc6 12. Ndb5 Qb8 13. Nd4 Bd7 14. Nxc6 Bxc3+
15. bxc3 Bxc6 16. Qd1 e5 17. Bc1 Nxe4 18. Qd3 O-O 19. O-O Rd8 20. f3 Nc5 21.
Qf5 Qc7 22. Rd1 Bd7 23. Qh5 Be6 24. f4 exf4 25. Bxf4 Ne4 26. Qf3 Nf6 27. Qg3
Bxc4 28. Bxc4 Qxc4 29. Bxd6 Ne4 30. Qf4 Nxd6 31. Rxd6 Qxf4 0-1

[Event "Satka Autumn 2019"]
[Site "Satka"]
[Date "2019.09.21"]
[Round "3.19"]
[White "Dubovikova, Rada"]
[Black "Shamsutdinova, Karina"]
[Result "0-1"]
[WhiteElo "1096"]
[BlackElo "1747"]
[PlyCount "48"]
[EventDate "2019.09.19"]

1. d4 Nf6 2. c4 g6 3. Nc3 d5 4. cxd5 Nxd5 5. e4 Nxc3 6. bxc3 Bg7 7. Bc4 O-O 8.
Be3 c5 9. Ne2 Qa5 10. O-O Nc6 11. Qd2 cxd4 12. Nxd4 Rd8 13. Rad1 Bg4 14. f3 Bd7
15. Qc1 Nxd4 16. Bxd4 Bxd4+ 17. Rxd4 Qc5 18. Kh1 e5 19. Bxf7+ Kxf7 20. Rd5 Qc7
21. Rfd1 Bc6 22. Rxd8 Rxd8 23. Rxd8 Qxd8 24. Qb2 Qd1# 0-1

[Event "Satka Autumn 2019"]
[Site "Satka"]
[Date "2019.09.21"]
[Round "3.21"]
[White "Lebedeva, Lubov E."]
[Black "Kanter, Elizaveta"]
[Result "1-0"]
[WhiteElo "1802"]
[BlackElo "1291"]
[PlyCount "93"]
[EventDate "2019.09.19"]

1. e4 c5 2. Nf3 d6 3. d4 cxd4 4. Nxd4 Nf6 5. Nc3 a6 6. Be2 e5 7. Nb3 Be7 8. Be3
O-O 9. O-O Be6 10. Nd5 Nxd5 11. exd5 Bf5 12. Qd2 Nd7 13. c4 Rc8 14. Na5 Qc7 15.
b4 Nf6 16. f3 e4 17. Rac1 exf3 18. Bxf3 Bg4 19. Qd4 Bxf3 20. Rxf3 Nd7 21. Rg3
Bf6 22. Qg4 Ne5 23. Qf5 Bh4 24. Rh3 Ng6 25. Rf1 Rce8 26. Qh5 Re5 27. Qf3 Rfe8
28. Bf2 Bxf2+ 29. Qxf2 Re2 30. Qa7 Re1 31. Qxb7 Rxf1+ 32. Kxf1 Qd8 33. Rf3 Ne5
34. Nc6 Qg5 35. Nxe5 Qc1+ 36. Kf2 Qd2+ 37. Kg1 Qc1+ 38. Rf1 Qe3+ 39. Kh1 Rf8
40. Nf3 h5 41. Re1 Qf2 42. Qxa6 Rc8 43. Qxc8+ Kh7 44. Qf5+ Kh6 45. Qg5+ Kh7 46.
Qxh5+ Kg8 47. Re8# 1-0

[Event "Satka Autumn 2019"]
[Site "Satka"]
[Date "2019.09.22"]
[Round "4.3"]
[White "Mironenko, Galina"]
[Black "Borisova, Ekaterina"]
[Result "1-0"]
[WhiteElo "1982"]
[BlackElo "2307"]
[PlyCount "101"]
[EventDate "2019.09.19"]

1. e4 c5 2. Nf3 d6 3. d4 cxd4 4. Nxd4 Nf6 5. Nc3 Nc6 6. Bg5 e6 7. Qd2 a6 8.
O-O-O Bd7 9. f3 Be7 10. Kb1 b5 11. Nxc6 Bxc6 12. Bxf6 gxf6 13. Ne2 Qb6 14. Nd4
Bd7 15. Be2 a5 16. f4 h5 17. Rhf1 b4 18. Rf3 Rd8 19. Rh3 h4 20. g4 Bc8 21. Qe1
d5 22. Rxh4 Rg8 23. Rh5 dxe4 24. Nc6 Rxd1+ 25. Qxd1 Bd7 26. Nxa5 Qd6 27. Qf1 f5
28. g5 Qd4 29. Nb3 Qb6 30. Rh7 Bf8 31. h4 Ba4 32. h5 e5 33. Bc4 Rg7 34. Rh8
Bxb3 35. axb3 exf4 36. g6 fxg6 37. Bb5+ Ke7 38. h6 Rf7 39. Qc4 Bxh6 40. Qxb4+
Kf6 41. Rxh6 Rb7 42. Qf8+ Kg5 43. Rh1 f3 44. Qh8 Qf2 45. Be8 Qg3 46. Bxg6 Kxg6
47. Rh6+ Kg5 48. Qf6+ Kg4 49. Qg6+ Kf4 50. Qd6+ Kg5 51. Rg6+ 1-0

[Event "Satka Autumn 2019"]
[Site "Satka"]
[Date "2019.09.22"]
[Round "4.4"]
[White "Semenova, Elena"]
[Black "Nosacheva, Mariya"]
[Result "1/2-1/2"]
[WhiteElo "2303"]
[BlackElo "2193"]
[PlyCount "153"]
[EventDate "2019.09.19"]

1. d4 Nf6 2. c4 g6 3. Nf3 Bg7 4. g3 O-O 5. Bg2 d6 6. O-O Nc6 7. Nc3 a6 8. Bf4
Rb8 9. Rc1 Nd7 10. Qd2 e5 11. dxe5 Ndxe5 12. Nxe5 Nxe5 13. Bg5 f6 14. Bh6 Be6
15. Bxg7 Kxg7 16. b3 Qd7 17. Nd5 Bh3 18. Bxh3 Qxh3 19. Nf4 Qf5 20. Qc2 Qd7 21.
Rfd1 g5 22. Nd5 Qh3 23. Qe4 f5 24. Qg2 Qxg2+ 25. Kxg2 c6 26. Nc3 Rbd8 27. Rd4
Kf6 28. h4 h6 29. Rh1 Ng6 30. hxg5+ hxg5 31. e3 Rg8 32. a4 Rh8 33. Rxh8 Nxh8
34. g4 Ng6 35. Kf1 Ne7 36. Rd1 Ke5 37. gxf5 Nxf5 38. Ke2 g4 39. Rg1 Rg8 40. Kd3
Rg7 41. Ne2 d5 42. cxd5 cxd5 43. Rh1 g3 44. Nxg3 Nxg3 45. fxg3 Rg4 46. Rh7 Rb4
47. Kc3 a5 48. Rh4 Rb6 49. b4 axb4+ 50. Rxb4 Rc6+ 51. Kd3 b6 52. Rg4 Rc1 53.
Rg6 Rc4 54. Rxb6 Rxa4 55. Rg6 Ra3+ 56. Ke2 d4 57. exd4+ Kxd4 58. Kf2 Ke5 59.
Kg2 Kf5 60. Rg8 Kf6 61. Kh3 Ra4 62. g4 Kf7 63. Rg5 Kf6 64. Kh4 Ra1 65. Rf5+ Kg6
66. Rf3 Rh1+ 67. Kg3 Ra1 68. Re3 Rf1 69. Rf3 Ra1 70. Rd3 Rg1+ 71. Kf4 Rf1+ 72.
Rf3 Ra1 73. Rf2 Ra4+ 74. Kg3 Ra1 75. Re2 Rg1+ 76. Kf4 Rf1+ 77. Kg3 1/2-1/2

[Event "Satka Autumn 2019"]
[Site "Satka"]
[Date "2019.09.22"]
[Round "4.13"]
[White "Turebayeva, Alfiya"]
[Black "Lebedeva, Ulyana"]
[Result "0-1"]
[WhiteElo "2076"]
[BlackElo "1660"]
[PlyCount "166"]
[EventDate "2019.09.19"]

1. e4 c5 2. c3 d5 3. exd5 Qxd5 4. d4 e6 5. Nf3 Nf6 6. Na3 cxd4 7. Nb5 Na6 8.
Qxd4 Bd7 9. Qxd5 Nxd5 10. Ne5 Bc5 11. Nxd7 Kxd7 12. Bg5 Be7 13. Bd2 Rhd8 14.
O-O-O Ke8 15. Be2 Bc5 16. Bg5 f6 17. Bh4 Nac7 18. Nxc7+ Nxc7 19. Bf3 Nd5 20.
Rhe1 Kf7 21. Bg3 Rac8 22. Kb1 b5 23. h4 Bb6 24. h5 Bc7 25. Bxc7 Rxc7 26. Be4
Rcd7 27. Kc2 f5 28. Bxd5 Rxd5 29. Rxd5 Rxd5 30. f4 Kf6 31. b3 Rc5 32. Rd1 b4
33. c4 e5 34. g3 e4 35. Rd7 Ra5 36. Kb2 Ke6 37. Rd2 Ke7 38. Rg2 Kf6 39. Rc2 Ke6
40. Kc1 Kd6 41. Kd2 Kc5 42. Ke3 Ra6 43. g4 g6 44. gxf5 gxf5 45. Rg2 h6 46. Rg6
Rd6 47. Ke2 a6 48. Rg8 Rf6 49. Rd8 Kc6 50. Rd5 Kb6 51. Ke3 Kc6 52. Ra5 Kb6 53.
Re5 Kc6 54. c5 Kd7 55. Kd4 Kc6 56. Kc4 a5 57. Kd4 Kb5 58. Kd5 Rc6 59. Rxf5 e3
60. Kd4 Re6 61. c6+ Kxc6 62. Rc5+ Kd6 63. Rc1 e2 64. Re1 Re8 65. Kd3 Kd5 66. f5
Re5 67. f6 Ke6 68. f7 Kxf7 69. Rxe2 Rxe2 70. Kxe2 Kf6 71. Kd3 Kg5 72. Kc4 Kxh5
73. Kb5 Kg4 74. Kxa5 h5 75. Kxb4 h4 76. a4 h3 77. a5 h2 78. a6 h1=Q 79. Kb5
Qd5+ 80. Kb6 Qxb3+ 81. Kc7 Qc4+ 82. Kb7 Qb5+ 83. Ka7 Kf5 0-1

[Event "Satka Autumn 2019"]
[Site "Satka"]
[Date "2019.09.22"]
[Round "4.14"]
[White "Voskresenskaya, Marta"]
[Black "Filippova, Darya"]
[Result "0-1"]
[WhiteElo "1907"]
[BlackElo "2110"]
[PlyCount "108"]
[EventDate "2019.09.19"]

1. d4 e6 2. Nf3 Nf6 3. Bf4 d5 4. e3 Bd6 5. Bxd6 Qxd6 6. c4 O-O 7. Nc3 b6 8.
cxd5 exd5 9. Rc1 c5 10. Bd3 Bg4 11. Be2 Nbd7 12. O-O a6 13. h3 Be6 14. Ng5 h6
15. Nxe6 fxe6 16. f4 b5 17. Bf3 b4 18. Ne2 Rac8 19. g4 Rfd8 20. Kg2 Nb6 21.
dxc5 Rxc5 22. b3 Rxc1 23. Qxc1 e5 24. fxe5 Qxe5 25. Qd2 Re8 26. Qxb4 Qxe3 27.
Rd1 Ne4 28. Qd4 Ng5 29. Bxd5+ Nxd5 30. Qxd5+ Kh8 31. Ng3 Rf8 32. Qd2 Qf3+ 33.
Kh2 Rc8 34. Rg1 Qa8 35. Rf1 Nf3+ 36. Rxf3 Qxf3 37. Qg2 Qd1 38. Ne2 Re8 39. Ng3
Re1 40. Qa8+ Kh7 41. Qg2 Qd8 42. Qc2+ Kh8 43. Qf2 Rd1 44. Nf1 Qc7+ 45. Kg2 Qd6
46. Kh1 Qd5+ 47. Kh2 Qe5+ 48. Kg2 Qe4+ 49. Kh2 Rc1 50. Kg1 Rc2 51. Qg3 Rxa2 52.
h4 Qd4+ 53. Kh1 Qf2 54. Qh3 Ra1 0-1

[Event "Satka Autumn 2019"]
[Site "Satka"]
[Date "2019.09.22"]
[Round "4.15"]
[White "Trapeznikova, Darya"]
[Black "Lebedeva, Lubov E."]
[Result "1-0"]
[WhiteElo "2085"]
[BlackElo "1802"]
[PlyCount "65"]
[EventDate "2019.09.19"]

1. d4 d5 2. c4 dxc4 3. Nf3 Nf6 4. e3 e6 5. Bxc4 c5 6. O-O Nc6 7. Qe2 Qc7 8. Nc3
a6 9. a4 Na5 10. Ba2 Be7 11. dxc5 Qxc5 12. e4 O-O 13. e5 Nd5 14. Nxd5 exd5 15.
Bd2 Nc6 16. Rfc1 Nd4 17. Qd3 Nxf3+ 18. Qxf3 Qd4 19. Bc3 Qxa4 20. Bxd5 Qb5 21.
Be4 Rb8 22. Ra5 Qb6 23. e6 fxe6 24. Qg3 Bf6 25. Rh5 e5 26. Bxh7+ Kf7 27. Bxe5
Bxe5 28. Rxe5 Be6 29. Rce1 Rfe8 30. Bg6+ Kf8 31. Bxe8 Rxe8 32. Qg6 Qb4 33. h3
1-0

[Event "Satka Autumn 2019"]
[Site "Satka"]
[Date "2019.09.22"]
[Round "4.16"]
[White "Nikulina, Anastasiya"]
[Black "Krylova, Mariya"]
[Result "1/2-1/2"]
[WhiteElo "1540"]
[BlackElo "1543"]
[PlyCount "76"]
[EventDate "2019.09.19"]

1. e4 d6 2. d4 Nf6 3. Nc3 e5 4. dxe5 dxe5 5. Qxd8+ Kxd8 6. Bc4 Ke8 7. Bg5 Nbd7
8. f3 a6 9. a4 h6 10. Be3 Bc5 11. Bxc5 Nxc5 12. Nge2 Be6 13. Bxe6 Nxe6 14.
O-O-O Ke7 15. a5 c6 16. Rd2 Rhd8 17. Rhd1 Ne8 18. Na4 Rxd2 19. Rxd2 Rd8 20.
Rxd8 Kxd8 21. Kd2 Nd6 22. Kd3 g6 23. c3 f5 24. exf5 gxf5 25. b4 Ke7 26. Nb6 h5
27. h4 f4 28. Nc4 Nxc4 29. Kxc4 Kd6 30. g3 fxg3 31. Nxg3 Nf4 32. Ne4+ Kc7 33.
Ng3 Kd6 34. Ne4+ Kc7 35. Ng3 Kd6 36. Ne4+ Kc7 37. Ng3 Kd6 38. Ne4+ Kc7 1/2-1/2

[Event "Satka Autumn 2019"]
[Site "Satka"]
[Date "2019.09.22"]
[Round "4.17"]
[White "Sogoyan, Milena"]
[Black "Matsenko, Elena"]
[Result "1-0"]
[WhiteElo "1361"]
[BlackElo "1841"]
[PlyCount "61"]
[EventDate "2019.09.19"]

1. c4 f5 2. Nc3 Nf6 3. g3 g6 4. Bg2 Bg7 5. Nf3 O-O 6. O-O d6 7. e3 e5 8. d4 e4
9. Nd2 Qe7 10. b4 c6 11. a4 Na6 12. Rb1 Nc7 13. Re1 Be6 14. Qe2 Rfe8 15. f3 d5
16. c5 b6 17. Nb3 h6 18. b5 Bd7 19. Ba3 Qf7 20. Rbc1 cxb5 21. axb5 bxc5 22.
dxc5 Rab8 23. c6 Bc8 24. Nd4 Ne6 25. Nxe6 Rxe6 26. Qa2 Re8 27. Bc5 exf3 28.
Bxf3 Ne4 29. Bxe4 Bxc3 30. Bxd5 Be6 31. Bxe6 1-0

[Event "Satka Autumn 2019"]
[Site "Satka"]
[Date "2019.09.22"]
[Round "4.18"]
[White "Sultanova, Kristina"]
[Black "Kalenichenko, Alina"]
[Result "0-1"]
[WhiteElo "1201"]
[BlackElo "1597"]
[PlyCount "88"]
[EventDate "2019.09.19"]

1. e4 c5 2. c3 Nf6 3. e5 Nd5 4. d4 cxd4 5. cxd4 e6 6. Nf3 d6 7. Bc4 dxe5 8.
dxe5 Bb4+ 9. Bd2 Bc5 10. O-O O-O 11. Qc2 Bb6 12. a3 Nc6 13. Bd3 h6 14. Qc4 Nde7
15. Nc3 Nd4 16. Kh1 Nxf3 17. Qe4 Ng6 18. gxf3 Qd4 19. Qe2 Nxe5 20. Bc2 Ng6 21.
Rad1 Qh4 22. Ne4 Bc7 23. Ng3 e5 24. Rg1 Be6 25. Ne4 Nf4 26. Bxf4 Qxf4 27. Rg3
f5 28. Nc3 Bc4 29. Qe1 Rad8 30. Ne2 Bxe2 31. Qxe2 Rxd1+ 32. Qxd1 Rd8 33. Bb3+
Kh8 34. Qf1 e4 35. Qc4 Qe5 36. f4 Qxf4 37. Qf7 Qe5 38. Be6 f4 39. Bf5 fxg3 40.
Qg6 g2+ 41. Kxg2 Qxh2+ 42. Kf1 Qh1+ 43. Ke2 Qf3+ 44. Ke1 Rd1# 0-1

[Event "Satka Autumn 2019"]
[Site "Satka"]
[Date "2019.09.22"]
[Round "4.19"]
[White "Shafikova, Irina"]
[Black "Mirgalina, Anna"]
[Result "0-1"]
[WhiteElo "1200"]
[BlackElo "1473"]
[PlyCount "62"]
[EventDate "2019.09.19"]

1. e4 c5 2. Nf3 d6 3. d4 cxd4 4. Nxd4 Nf6 5. Nc3 a6 6. Be3 b5 7. a3 Bb7 8. f3
e6 9. Nb3 Be7 10. Bd3 Nbd7 11. O-O O-O 12. f4 Nc5 13. Nd2 Rc8 14. e5 dxe5 15.
fxe5 Nd5 16. Bxc5 Bxc5+ 17. Kh1 Nxc3 18. bxc3 Qg5 19. Nf3 Bxf3 20. Qxf3 Qxe5
21. a4 Bd6 22. Qh3 h6 23. axb5 axb5 24. Rf3 Ra8 25. Raf1 Qg5 26. Be4 Ra4 27.
Re1 Rxe4 28. Ref1 Rh4 29. Rxf7 Rxf7 30. Qxe6 Rxh2+ 31. Kg1 Qxg2# 0-1

[Event "Satka Autumn 2019"]
[Site "Satka"]
[Date "2019.09.22"]
[Round "4.20"]
[White "Donia, Anastasiia"]
[Black "Telelyukhina, Elizaveta"]
[Result "0-1"]
[WhiteElo "1132"]
[BlackElo "1445"]
[PlyCount "88"]
[EventDate "2019.09.19"]

1. e4 e5 2. Nf3 Nc6 3. Bc4 Nf6 4. Nc3 Bb4 5. d3 O-O 6. O-O d6 7. h3 Be6 8. Bb3
Qd7 9. Bg5 Kh8 10. Nh2 Nd4 11. f4 Nxb3 12. axb3 Bc5+ 13. Kh1 exf4 14. Rxf4 Be3
15. Rxf6 Bxg5 16. Rf3 f5 17. exf5 Bxf5 18. Qf1 Kg8 19. Qf2 Be6 20. Rxf8+ Rxf8
21. Qxa7 c5 22. Qa4 Qxa4 23. Rxa4 Rf2 24. Ne4 Rxc2 25. Nxg5 Rc1+ 26. Nf1 Rxf1+
27. Kh2 Bxb3 28. Ra8+ Rf8 29. Rxf8+ Kxf8 30. Nxh7+ Ke7 31. Kg3 Bc2 32. Kf4 Bxd3
33. Ng5 Bf1 34. g4 b5 35. h4 Bd3 36. Ne4 Bxe4 37. Kxe4 Ke6 38. g5 d5+ 39. Kf4
g6 40. b3 c4 41. bxc4 dxc4 42. Ke4 c3 43. Kd3 b4 44. Kc2 Kf5 0-1

[Event "Satka Autumn 2019"]
[Site "Satka"]
[Date "2019.09.22"]
[Round "4.21"]
[White "Zaitseva, Aleksandra"]
[Black "Skobochkina, Maria"]
[Result "0-1"]
[WhiteElo "1041"]
[BlackElo "1432"]
[PlyCount "104"]
[EventDate "2019.09.19"]

1. c4 e5 2. Nc3 Nf6 3. g3 Bc5 4. Bg2 O-O 5. d3 h6 6. Nf3 Nc6 7. O-O d6 8. Bd2
Bg4 9. a3 a5 10. h3 Be6 11. Qc1 Ne7 12. Rb1 h5 13. b4 axb4 14. axb4 Ba7 15. Ra1
Nf5 16. e4 Nxg3 17. Re1 Qd7 18. Ng5 h4 19. Nxe6 Qxe6 20. Be3 Bxe3 21. Qxe3 Ngh5
22. Nb5 Qd7 23. Qg5 Nf4 24. Re3 Rxa1+ 25. Kh2 Ng6 26. Qf5 Qxf5 27. exf5 Nf4 28.
Bxb7 Rb1 29. Nxc7 Rxb4 30. Bd5 N6xd5 31. Nxd5 Nxd5 32. cxd5 Rb5 33. Re4 Rxd5
34. Rxh4 Rxd3 35. Rg4 Rf3 36. Rg2 Rxf5 37. h4 d5 38. Kg1 Rc8 39. Rh2 d4 40. Kg2
Rc3 41. Rh1 Rcf3 42. Rf1 e4 43. h5 e3 44. h6 e2 45. Re1 Rxf2+ 46. Kg3 d3 47.
hxg7 d2 48. Rxe2 Rxe2 49. Kg4 d1=Q 50. Kxf5 Qf1+ 51. Kg4 Rg2+ 52. Kh3 Qh1# 0-1

[Event "Satka Autumn 2019"]
[Site "Satka"]
[Date "2019.09.22"]
[Round "4.22"]
[White "Kulkova, Dina"]
[Black "Zaitseva, Arina"]
[Result "1-0"]
[WhiteElo "1424"]
[BlackElo "1120"]
[PlyCount "83"]
[EventDate "2019.09.19"]

1. c4 c6 2. g3 d5 3. Bg2 Bf5 4. Nf3 e6 5. d4 Nf6 6. Nc3 c5 7. dxc5 Bxc5 8. cxd5
exd5 9. e3 O-O 10. O-O Nc6 11. Qb3 b6 12. Rd1 Nb4 13. Ne1 Be6 14. Qa4 a6 15.
Rd2 Rc8 16. a3 Nc6 17. b4 Be7 18. Bb2 a5 19. b5 Ne5 20. Nxd5 Nc4 21. Nxf6+ Bxf6
22. Rxd8 Rfxd8 23. Bxf6 gxf6 24. Bc6 Nb2 25. Qc2 Nc4 26. Nf3 Rd6 27. Nd4 Ne5
28. Nxe6 fxe6 29. Rd1 Rxd1+ 30. Qxd1 Nxc6 31. bxc6 Rxc6 32. Qd8+ Kg7 33. Qd7+
Kg6 34. Qxc6 e5 35. Qe6 b5 36. f4 exf4 37. exf4 b4 38. f5+ Kg5 39. h4+ Kg4 40.
Kg2 bxa3 41. Qxf6 h6 42. Qg6# 1-0

[Event "Satka Autumn 2019"]
[Site "Satka"]
[Date "2019.09.23"]
[Round "5.1"]
[White "Guseva, Marina"]
[Black "Bykova, Anastasia"]
[Result "1-0"]
[WhiteElo "2374"]
[BlackElo "2259"]
[PlyCount "109"]
[EventDate "2019.??.??"]

1. d4 d5 2. c4 c6 3. Nf3 Nf6 4. e3 Bf5 5. Nc3 e6 6. Nh4 Bg6 7. Nxg6 hxg6 8. Bd3
dxc4 9. Bxc4 a6 10. Be2 c5 11. Bf3 Nc6 12. Bxc6+ bxc6 13. dxc5 Bxc5 14. Qxd8+
Rxd8 15. Ke2 Ke7 16. Bd2 Bd6 17. h3 Rb8 18. b3 Ba3 19. Bc1 Bb4 20. Bb2 Rhd8 21.
Rhc1 Rbc8 22. Rc2 Bxc3 23. Bxc3 Ne4 24. Be1 Rd5 25. Rac1 Kd7 26. f3 Nf6 27. e4
Rb5 28. g4 g5 29. Rd1+ Ke7 30. h4 gxh4 31. Bxh4 Rh8 32. Bf2 Rc8 33. Bc5+ Ke8
34. Rh1 Kd7 35. g5 Ne8 36. b4 Kc7 37. Rh8 Kb8 38. Rf8 Rb7 39. Rc1 Rd7 40. Rh1
Nc7 41. Rhh8 Rxf8 42. Rxf8+ Kb7 43. Ke3 e5 44. g6 f6 45. Rf7 Kc8 46. f4 Ne6 47.
f5 Nc7 48. a4 Ne8 49. Rf8 Kd8 50. Bb6+ Ke7 51. Rf7+ Kd6 52. Kd3 c5 53. Bxc5+
Kc6+ 54. Rxd7 Kxd7 55. Bf8 1-0

[Event "Satka Autumn 2019"]
[Site "Satka"]
[Date "2019.09.23"]
[Round "5.3"]
[White "Mirzaeva, Gulnara"]
[Black "Charochkina, Daria"]
[Result "0-1"]
[WhiteElo "1936"]
[BlackElo "2360"]
[PlyCount "88"]
[EventDate "2019.??.??"]

1. e4 d5 2. exd5 Qxd5 3. Nc3 Qd6 4. d3 g6 5. Be3 a6 6. Qd2 Bg7 7. Nf3 Nf6 8.
Bf4 Qb6 9. Be2 Qxb2 10. O-O Qb6 11. Rab1 Qa7 12. Be3 b6 13. Ne4 Nxe4 14. dxe4
c5 15. Bh6 O-O 16. Bxg7 Kxg7 17. Nh4 Nc6 18. f4 f6 19. e5 Qc7 20. exf6+ exf6
21. Rfd1 Nd4 22. Nf3 Nxe2+ 23. Qxe2 b5 24. Qe4 Bf5 25. Qe2 Qxf4 26. Qe7+ Rf7
27. Qxc5 Rc8 28. Qd4 Qc7 29. Re1 Qxc2 30. Rbc1 Qxc1 31. Rxc1 Rxc1+ 32. Kf2 Rd7
33. Qf4 Rc2+ 34. Ke1 Rxg2 35. Nh4 Re7+ 36. Kf1 Rg5 37. a4 Bd3+ 38. Kf2 Re4 39.
Qc7+ Kh6 40. Qc3 Rxh4 41. Qxd3 Rxh2+ 42. Kf1 Rf5+ 43. Kg1 Rh4 44. Qd1 Rg4+ 0-1

[Event "Satka Autumn 2019"]
[Site "Satka"]
[Date "2019.09.23"]
[Round "5.7"]
[White "Mukhina, Jana"]
[Black "Semenova, Elena"]
[Result "1/2-1/2"]
[WhiteElo "2083"]
[BlackElo "2303"]
[PlyCount "140"]
[EventDate "2019.??.??"]

1. e4 e5 2. Nf3 Nc6 3. Bb5 a6 4. Bxc6 dxc6 5. Nc3 f6 6. d4 exd4 7. Qxd4 Qxd4 8.
Nxd4 Bd7 9. Be3 O-O-O 10. O-O-O Bd6 11. Nb3 Re8 12. Nc5 Bg4 13. f3 Bh5 14. Nd3
Ne7 15. Bd4 Bf7 16. f4 Ng6 17. g3 b6 18. Rhe1 c5 19. Bg1 c4 20. Nf2 h5 21. h4
Rd8 22. a3 Rhe8 23. Nh1 Nf8 24. Be3 Nd7 25. Nf2 Bg6 26. Re2 b5 27. Bd2 Nc5 28.
Rde1 c6 29. Nb1 Bc7 30. Bc3 Na4 31. Bb4 a5 32. Bd2 Nc5 33. Bc3 Na4 34. Bd2 Rd7
35. f5 Bf7 36. Be3 Be5 37. c3 Bd6 38. Bf4 Nc5 39. Bxd6 Rxd6 40. e5 Nb3+ 41. Kc2
fxe5 42. Rxe5 Red8 43. Ne4 Na1+ 44. Kc1 Nb3+ 45. Kc2 Rd3 46. Re7 Na1+ 47. Kc1
Nb3+ 48. Kc2 Bd5 49. Nbd2 Nxd2 50. Nxd2 Rxg3 51. Ra7 Rg2 52. Ree7 c5 53. Kc1
Rg1+ 54. Kc2 Rg2 55. Kc1 Bb7 56. Raxb7 Rdxd2 57. Rec7+ Kd8 58. Rf7 Rc2+ 59. Kd1
Rcd2+ 60. Kc1 Rc2+ 61. Kd1 Rgd2+ 62. Ke1 Re2+ 63. Kf1 Rf2+ 64. Kg1 Rg2+ 65. Kh1
Rh2+ 66. Kg1 Rcg2+ 67. Kf1 Rf2+ 68. Kg1 Rfg2+ 69. Kf1 Rf2+ 70. Kg1 Rfg2+
1/2-1/2

[Event "Satka Autumn 2019"]
[Site "Satka"]
[Date "2019.09.23"]
[Round "5.13"]
[White "Petrenko, Svetlana"]
[Black "Telelyukhina, Elizaveta"]
[Result "1-0"]
[WhiteElo "2200"]
[BlackElo "1445"]
[PlyCount "59"]
[EventDate "2019.??.??"]

1. e4 c5 2. Nf3 e6 3. c4 Nc6 4. Nc3 a6 5. d3 Qc7 6. g3 Nge7 7. Bg2 g6 8. Bf4 d6
9. Qd2 Bg7 10. O-O O-O 11. Bh6 b6 12. Bxg7 Kxg7 13. d4 cxd4 14. Nxd4 Bb7 15.
Rad1 Rfd8 16. b3 Rac8 17. Nde2 Ng8 18. h3 Nf6 19. Kh2 h5 20. f4 Ne7 21. f5 exf5
22. exf5 Bxg2 23. Kxg2 Qc6+ 24. Kh2 d5 25. fxg6 fxg6 26. Qe3 Qc5 27. Nd4 Qd6
28. Ne6+ Kf7 29. Nxd8+ Rxd8 30. Nxd5 1-0

[Event "Satka Autumn 2019"]
[Site "Satka"]
[Date "2019.09.23"]
[Round "5.14"]
[White "Skobochkina, Maria"]
[Black "Turebayeva, Alfiya"]
[Result "1/2-1/2"]
[WhiteElo "1432"]
[BlackElo "2076"]
[PlyCount "104"]
[EventDate "2019.??.??"]

1. e4 c5 2. Nf3 Nc6 3. d4 cxd4 4. Nxd4 e5 5. Nb5 d6 6. c4 Be7 7. N1c3 a6 8. Na3
Nf6 9. Nc2 Be6 10. Bd3 Rc8 11. b3 O-O 12. O-O b5 13. cxb5 Na7 14. Bb2 axb5 15.
Rc1 Qa5 16. Ne3 b4 17. Na4 Rxc1 18. Qxc1 Rc8 19. Qd2 Nc6 20. Rc1 Qd8 21. Nc4
Nd7 22. Ne3 Nc5 23. Nxc5 dxc5 24. Rd1 Nd4 25. Ba1 Bg5 26. h3 Bxh3 27. Ba6 Ra8
28. Bxd4 exd4 29. Qe2 Be6 30. Bb7 Rb8 31. Bd5 dxe3 32. Bxe6 exf2+ 33. Kf1 Qf6
34. Bc4 Bh4 35. Rd3 Re8 36. Bd5 Qa1+ 37. Rd1 Qc3 38. Bxf7+ Kxf7 39. Qh5+ Kf8
40. Qxh4 Kg8 41. Qh5 g6 42. Qd5+ Kh8 43. Qf7 Ra8 44. Qxf2 c4 45. bxc4 Qxc4+ 46.
Kg1 Kg8 47. Rd7 Qc1+ 48. Kh2 Rf8 49. Qd4 Qh6+ 50. Kg1 Qc1+ 51. Kh2 Qf4+ 52. Kg1
Qc1+ 1/2-1/2

[Event "Satka Autumn 2019"]
[Site "Satka"]
[Date "2019.09.23"]
[Round "5.15"]
[White "Eidelson, Rakhil"]
[Black "Nikulina, Anastasiya"]
[Result "1-0"]
[WhiteElo "2064"]
[BlackElo "1540"]
[PlyCount "133"]
[EventDate "2019.??.??"]

1. e4 c5 2. Nc3 g6 3. f4 Bg7 4. Nf3 Nc6 5. d3 d6 6. g3 e6 7. Be3 Nge7 8. Bg2 b6
9. O-O d5 10. exd5 Nxd5 11. Nxd5 exd5 12. d4 Qd6 13. dxc5 bxc5 14. Ne5 Ne7 15.
c4 O-O 16. cxd5 Rd8 17. Nc4 Qa6 18. d6 Nc6 19. b3 Be6 20. Rc1 Rac8 21. Bxc5
Qxa2 22. Rf2 Qa6 23. Rd2 Nb8 24. Ne5 Qb5 25. b4 a5 26. Bf1 Qb7 27. Rb1 Bf5 28.
Rbb2 axb4 29. Rxb4 Qa8 30. Bf2 Nd7 31. Bg2 Qa3 32. Ra4 Qc1 33. Ra1 Qc3 34. Bd4
Qb4 35. Nc6 Rxc6 36. Bxc6 Qxd6 37. Bxd7 Qxd7 38. Be3 Qxd2 39. Qxd2 Rxd2 40.
Ra8+ Bf8 41. Bxd2 Kg7 42. Bc3+ f6 43. Bxf6+ Kf7 44. Bd4 h5 45. Ra7+ Ke6 46. Kf2
Kd5 47. Ke3 Bb4 48. Rg7 Ba3 49. Be5 Bc1+ 50. Kf3 Be4+ 51. Kf2 Bf5 52. Ra7 Ke4
53. Ra4+ Kd5 54. Ra1 Bxf4 55. Bxf4 Ke4 56. Ra5 Bg4 57. Re5+ Kd3 58. Kg2 Kd4 59.
h3 Bd7 60. Rg5 Be8 61. Kf2 Bf7 62. Kf3 Be8 63. Be3+ Kc4 64. Kf4 Kd3 65. Bf2 Bf7
66. Ke5 Be8 67. Kf6 1-0

[Event "Satka Autumn 2019"]
[Site "Satka"]
[Date "2019.09.23"]
[Round "5.16"]
[White "Stroganova, Karina"]
[Black "Kulkova, Dina"]
[Result "0-1"]
[WhiteElo "1885"]
[BlackElo "1424"]
[PlyCount "116"]
[EventDate "2019.??.??"]

1. d4 Nf6 2. Nf3 e6 3. Bf4 d5 4. e3 c5 5. c3 Nc6 6. Nbd2 Bd6 7. Bg3 O-O 8. Bd3
b6 9. Ne5 Bb7 10. Ndf3 Rc8 11. h4 Qc7 12. Bf4 Ne4 13. g3 Nxe5 14. dxe5 Be7 15.
Ng5 h6 16. Qh5 Qd8 17. Nh3 c4 18. Bc2 Re8 19. f3 g6 20. Qxh6 Bf8 21. Bg5 Qc7
22. fxe4 Bxh6 23. Bxh6 dxe4 24. h5 Qxe5 25. hxg6 Qxg3+ 26. Nf2 fxg6 27. Bf4 Qg2
28. Be5 Rf8 29. Rh8+ Kf7 30. Rh7+ Ke8 31. O-O-O Qxf2 32. Bd6 Qxe3+ 33. Kb1 Rf7
34. Rh8+ Kd7 35. Bc5+ Qd3 36. Bxd3 Rxh8 37. Bxe4+ Bd5 38. Bxg6 Rf3 39. Be4 Rfh3
40. Bd4 R8h4 41. Bxd5 exd5 42. Bf2 Rh5 43. Kc1 Rh1 44. Bd4 Rxd1+ 45. Kxd1 Rh2
46. Kc1 Kc6 47. a3 a5 48. Kb1 b5 49. Ka2 Rd2 50. Bf6 Rd1 51. Be7 d4 52. cxd4
Rxd4 53. Bf6 Rd3 54. Bc3 Rxc3 55. bxc3 Kd5 56. Kb2 Ke4 57. Kc1 Kd3 58. Kb2 Kd2
0-1

[Event "Satka Autumn 2019"]
[Site "Satka"]
[Date "2019.09.23"]
[Round "5.17"]
[White "Dubovikova, Rada"]
[Black "Zyapaeva, Polina"]
[Result "0-1"]
[WhiteElo "1096"]
[BlackElo "1808"]
[PlyCount "96"]
[EventDate "2019.??.??"]

1. e4 c5 2. Nf3 e6 3. d4 cxd4 4. Nxd4 a6 5. Be2 Nf6 6. Nc3 Bb4 7. Bg5 Qa5 8.
Bd2 Qc7 9. O-O Bxc3 10. Bxc3 Nxe4 11. Qd3 d5 12. Nf3 Nxc3 13. Qxc3 Qxc3 14.
bxc3 Nc6 15. Bd3 O-O 16. Nd4 Bd7 17. Nxc6 Bxc6 18. f4 b5 19. f5 e5 20. Be2 f6
21. Rad1 Rac8 22. Rf3 Bb7 23. Rh3 Rc5 24. Rdd3 Rfc8 25. Kf2 Rc4 26. Bf3 e4 27.
Bxe4 Rxe4 28. Rhe3 Rf4+ 29. Rf3 Ra4 30. Rg3 Rxa2 31. Rd2 Rc4 32. Re3 Kf7 33.
Rde2 Rf4+ 34. Kg3 Re4 35. Rxe4 dxe4 36. Rd2 Ke7 37. Kf4 Ra3 38. Ke3 Rxc3+ 39.
Kd4 Rc4+ 40. Ke3 a5 41. g4 Rc3+ 42. Kd4 b4 43. h4 a4 44. g5 a3 45. gxf6+ Kxf6
46. h5 a2 47. h6 a1=Q 48. hxg7 Qa7# 0-1

[Event "Satka Autumn 2019"]
[Site "Satka"]
[Date "2019.09.23"]
[Round "5.18"]
[White "Aleshina, Arina"]
[Black "Kalenichenko, Alina"]
[Result "1-0"]
[WhiteElo "1365"]
[BlackElo "1597"]
[PlyCount "85"]
[EventDate "2019.??.??"]

1. e4 c5 2. Nf3 e6 3. d4 cxd4 4. Nxd4 a6 5. c4 Nf6 6. Nc3 Bb4 7. Qd3 O-O 8. e5
Ne8 9. Be2 d6 10. Nf3 Bxc3+ 11. Qxc3 dxe5 12. Nxe5 Qf6 13. Bf3 Nd6 14. O-O Bd7
15. Rd1 Qe7 16. Nxd7 Nxd7 17. b3 Rac8 18. Qd4 Nf5 19. Qxd7 Qf6 20. Ba3 Rfd8 21.
Qxb7 Rb8 22. Rxd8+ Rxd8 23. Rd1 Nd4 24. Rf1 Qe5 25. Be7 Re8 26. Qd7 Nxf3+ 27.
gxf3 Ra8 28. Qc6 Rb8 29. Rd1 f6 30. Qd6 Qg5+ 31. Qg3 Qxg3+ 32. hxg3 Kf7 33. Ba3
a5 34. Rd7+ Kg6 35. Ra7 Rd8 36. Rxa5 Rd1+ 37. Kg2 Rd2 38. c5 Rxa2 39. c6 Rc2
40. Rc5 Ra2 41. c7 Rxa3 42. c8=Q Rxb3 43. Qe8+ 1-0